000 00393nam a2200169Ia 4500
008 230524s9999 xx 000 0 und d
082 _a681.4
_bGHA
100 _aA.Ghatak
245 0 _aOptical Electronics
250 _a1ST
260 _aNEW DELHI
_bCambridge
_c2004
300 _aX;621
500 _aQuantity Number: 2
650 _aElectronics
700 _a Thyagarajan
942 _cBK
999 _c30569
_d30569